Designing early literacy programs : strategies for at-risk preschool and kindergarten children /

Bibliographic Details
Main Author: McGee, Lea M.
Other Authors: Richgels, Donald J., 1949-
Format: Book
Language:English
Published: New York : Guilford Press, c2003.
Subjects:
Classic Catalogue: View this record in Classic Catalogue
LEADER 02079nam a22003614a 4500
001 35336
003 BD-DhAAL
005 20211129124557.0
008 190911t2003 nyua b 001 0 eng
999 |c 41202  |d 41202 
010 |a  2003004009 
020 |a 1572308907 (alk. paper) 
020 |a 9781572308909 
040 |a DLC  |c DLC  |d DLC  |d BD-DhAAL 
042 |a pcc 
043 |a n-us--- 
050 0 0 |a LB1140.5.L3  |b M36 2003 
082 0 0 |a 372.6  |2 21 
100 1 |a McGee, Lea M.  |9 34400 
245 1 0 |a Designing early literacy programs :  |b strategies for at-risk preschool and kindergarten children /  |c Lea M. McGee and Donald J. Richgels. 
260 |a New York :  |b Guilford Press,  |c c2003. 
300 |a x, 214 pages :  |b illustrations ;  |c 24 cm. 
504 |a Includes bibliographical references (p. 199-207) and index. 
505 0 |a Who is at risk for reading difficulties? : implications for early literacy programs -- Understanding literacy development -- Using assessment to make instructional decisions -- Language- and literacy-rich classrooms -- Language development : gateway to literacy -- Classroom activities that expand children's vocabulary and comprehension -- Classroom activities to develop children's concepts about print and alphabet letter recognition -- Classroom activities to develop phonological awareness and the alphabetic principle -- Pre-kindergarten in action -- Kindergarten in action. 
526 |a BIED 
541 |a Complimentary copy from BIED  |e 35336 
650 0 |a Children with social disabilities  |x Education (Preschool)  |z United States  |v Case studies.  |9 34401 
650 0 |a Language arts (Preschool)  |z United States  |v Case studies.  |9 34402 
650 0 |a Literacy programs  |z United States  |v Case studies.  |9 34403 
700 1 |a Richgels, Donald J.,  |d 1949-  |9 34404 
852 |a Ayesha Abed Library  |c BIED Collection 
942 |2 ddc  |c BK 
952 |0 0  |1 0  |2 ddc  |4 0  |6 372_600000000000000_MCG  |7 0  |9 66235  |a BRACUL  |b BRACUL  |c GEN  |d 2019-09-11  |e Complimentary copy from BIED  |l 0  |o 372.6 MCG  |p 3010035336  |r 2019-09-11  |t 1  |w 2019-09-11  |y BK  |x Transferred from BIED to General Stacks